| 000 | 00641nam a2200169 i 4500 | ||
|---|---|---|---|
| 001 | 151868 | ||
| 003 | ES-MaACL | ||
| 005 | 20250809060036.0 | ||
| 008 | 931025s1894 sp |||| | spa d | ||
| 100 | 1 |
_aBenito y Varela, Pedro de _927700 |
|
| 245 | 1 | 0 |
_aProyecto de Ley del Registro de Contratos Privados / _cpor Pedro de Benito y Varela. |
| 260 |
_aMadrid : _b[s.n.], _c1894 ( _fImp. de la Viuda M. Minuesa de los Rios) |
||
| 300 |
_a22 p. ; _c20 cm. |
||
| 650 | 7 |
_aContratos _2embne _911326 |
|
| 852 |
_aES-MaACL _jT-874-F-3 _z-- Enc. hol. _z-- Enc. en un vol. facticio _z.- Ded. manuscrita del autor |
||
| 999 |
_c151868 _d151868 |
||